[Event "Hoersching op 1st"]
[Site "Hoersching"]
[Date "2013.03.22"]
[Round "1"]
[White "Luger, Andreas"]
[Black "Schoener, Andreas"]
[Result "1-0"]
[WhiteElo "1805"]
[BlackElo "1673"]
[PlyCount "61"]
[EventDate "2013.03.22"]
[EventType "swiss"]
[EventRounds "7"]
[EventCountry "AUT"]
[SourceTitle "CBM 153 Extra"]
[Source "ChessBase"]
[SourceDate "2013.04.22"]
[SourceVersion "1"]
[SourceVersionDate "2013.04.22"]
[SourceQuality "1"]

1. e4 e6 2. d3 d5 3. Nd2 Nf6 4. Ngf3 c5 5. c3 Nc6 6. Be2 Bd6 7. 0-0 0-0 8. Re1 Bd7 9. Bf1 Qc7 10. d4 cxd4 11. cxd4 dxe4 12. Nxe4 Nxe4 13. Rxe4 Ne7 14. Bg5 Bc6 15. Rg4 f5 16. Rh4 Ng6 17. Rh3 Bf4 18. Bxf4 Qxf4 19. Bc4 Qd6 20. Ng5 Bd5 21. Qh5 Rf6 22. Qxh7+ Kf8 23. Bxd5 Qxd5 24. Rc1 Qxd4 25. Rhc3 Qd7 26. Rc7 Qd8 27. Qxg7+ Ke8 28. Qg8+ Nf8 29. Nh7 Qd6 30. Nxf6+ Kd8 31. Qg5 1-0